000 00681cam a2200217 a 4500
999 _c57414
_d57414
001 16977565
005 20220929104925.0
008 110926s2013 njua b 001 0 eng
020 _a9789332535039
041 _aeng
080 _a621.38+519.85 O-63
100 1 _aOppenheim, Alan V.,
_d1937-
_98494
245 1 0 _aDiscrete-time signal processing /
_cAlan V. Oppenheim, Ronald W. Schafer.
250 _a3rd ed.
264 _aUpper Saddle River :
_bPearson,
_c2013.
300 _a1108 p. :
_bill. ;
_c25 cm.
653 _aინჟინერია
653 _aმათემატიკა
700 1 _aSchafer, Ronald W.,
_d
_eავტორი
_98497
942 _2udc
_cBK